000 01742nam a2200241Ia 4500
999 _c45494
_d45494
001 12319
003 GE_BSU
005 20240701154213.0
008 181216s2014||||geo|||||||||||||| ||ge ||
040 _cGE_BSU
041 _ageo
080 _a341.217(4)+327(479.22:4)+339.96(4) ს-32
245 _aსაქართველოს ევროპული გზა = Georgia's european way /
_bევროპულ და ევროატლანტიკურ სტურქტურებში ინტეგრაციის საკითხებში საქ. სახელმწ. მინისტრის აპარატი ; ქართ. ტექსტის რედ. ბაჩო კვირტია ; ინგლ. ტექსტის რედ. ქეით დევისი. ; ფოტო გოგა ჩანადირი.
264 _aთბილისი :
_b?,
_c2014.
300 _a52 გვ. :
_bფოტ. ;
_c30 სმ.
500 _aყდაზე : ირაკლი გაბეცაძის ფოტო
546 _aტექსტი ქართ. და ინგლ. ენებზე
653 _aსაქართველო - ევროკავშირის ურთიერთობა
700 _aდევისი, ქეით.
_eრედაქტორი
_922636
700 _aჩანადირი, გოგა
_eფოტო
_921322
710 _a ევროპულ და ევროატლანტიკურ სტურქტურებში ინტეგრაციის საკითხებში საქ. სახელმწ. მინისტრის აპარატი
_922637
942 _cBK
_2udc